header

Complex classroom encounters (Record no. 44414)

MARC details
000 -LEADER
fixed length control field 01240nam a2200313 a 4500
100 1# - MAIN ENTRY--AUTHOR NAME
Personal name Evans, R.
245 10 - TITLE STATEMENT
Title Complex classroom encounters
260 ## - PUBLICATION, DISTRIBUTION, ETC. (IMPRINT)
Place of publication Rotterdam :
Name of publisher Sense Publishers,
Year of publication 2012.
300 ## - PHYSICAL DESCRIPTION
Number of Pages xix, 136 p. :
Other physical details ill., maps.
650 #0 - SUBJECT ADDED ENTRY--TOPICAL TERM
Topical Term Education
700 1# - ADDED ENTRY--PERSONAL NAME
Personal name Cleghorn, Ailie.
856 40 - ELECTRONIC LOCATION AND ACCESS
Uniform Resource Identifier http://site.ebrary.com/lib/rucke/Doc?id=10642991

No items available.

© 2026 Rongo University
Contact us: librarian | system librarian | Rongo university